Let Asia hear his voice! : witnessing to Christ through the local church. (Record no. 35715)
[ view plain ]
| 000 -LEADER | |
|---|---|
| fixed length control field | 01114cam a2200241Ia 4500 |
| 001 - CONTROL NUMBER | |
| control field | ocm25845018 |
| 003 - CONTROL NUMBER IDENTIFIER | |
| control field | OSt |
| 005 - DATE AND TIME OF LATEST TRANSACTION | |
| control field | 20140520110316.0 |
| 008 - FIXED-LENGTH DATA ELEMENTS--GENERAL INFORMATION | |
| fixed length control field | 920519s1989 ph a b 100 0 eng d |
| 043 ## - GEOGRAPHIC AREA CODE | |
| Geographic area code | a------ |
| 111 2# - MAIN ENTRY--MEETING NAME | |
| Meeting name or jurisdiction name as entry element | Asian Leadership Conference on Evangelism |
| Number of part/section/meeting | (2nd : |
| Date of meeting | 1987 : |
| Location of meeting | Singapore) |
| 245 10 - TITLE STATEMENT | |
| Title | Let Asia hear his voice! : witnessing to Christ through the local church. |
| 260 ## - PUBLICATION, DISTRIBUTION, ETC. (IMPRINT) | |
| Place of publication, distribution, etc | Quezon City, Philippines : |
| Name of publisher, distributor, etc | Asia Lausanne Committee for World Evangelization, |
| Date of publication, distribution, etc | 1989. |
| 300 ## - PHYSICAL DESCRIPTION | |
| Extent | vii, 106 p. : |
| Other physical details | ill. ; |
| Dimensions | 21 cm. |
| 500 ## - GENERAL NOTE | |
| General note | On cover: The Second Asian Leadership Conference of Evangelism, ALCOE - 2, October 20-27, 1987, Singapore. |
| 504 ## - BIBLIOGRAPHY, ETC. NOTE | |
| Bibliography, etc | Includes bibliographical references. |
| 505 0# - FORMATTED CONTENTS NOTE | |
| Formatted contents note | Let Asia hear his voice! -- The witness of the whole church. -- The scope of the church's witness. -- Witness in suffering. -- Witness in the context of culture. -- Witness through cooperation. |
| 590 ## - LOCAL NOTE (RLIN) | |
| Local note | 20070718 g. |
| 650 #0 - SUBJECT ADDED ENTRY--TOPICAL TERM | |
| Topical term or geographic name as entry element | Evangelistic work |
| Geographic subdivision | Asia. |
| 650 #0 - SUBJECT ADDED ENTRY--TOPICAL TERM | |
| Topical term or geographic name as entry element | Witness bearing (Christianity) |
| 740 0# - ADDED ENTRY--UNCONTROLLED RELATED/ANALYTICAL TITLE | |
| Uncontrolled related/analytical title | Witnessing to Christ through the local church. |
| 942 ## - ADDED ENTRY ELEMENTS (KOHA) | |
| Source of classification or shelving scheme | Library of Congress Classification |
| Item type | Books |
| Withdrawn status | Lost status | Source of classification or shelving scheme | Damaged status | Not for loan | Home library | Current library | Shelving location | Date acquired | Source of acquisition | Accession number | Total Checkouts | Full call number | Barcode | Date last seen | Price effective from | Koha item type |
|---|---|---|---|---|---|---|---|---|---|---|---|---|---|---|---|---|
| Library of Congress Classification | BSOP Library | BSOP Library | Filipiniana | 01/24/2013 | gift : Dr. Stewart Young | 35457 | BV3777.A8 As4 1989 | 00041867 | 02/23/2013 | 02/23/2013 | Books |
